| 000 | 01310nam a22002657a 4500 | ||
|---|---|---|---|
| 005 | 20170124102940.0 | ||
| 010 | _aB-067904 | ||
| 020 |
_c250.00 _a8179650197 |
||
| 035 | _aB-067904 | ||
| 037 | _bCen Lib/Ret | ||
| 040 |
_aDPL _bHN |
||
| 082 |
_a821.08 _bइन्द्ररा |
||
| 100 |
_aइन्द्रराज सिंह _948153 |
||
| 245 |
_aआज की कविता का अनिकेत कवि / _cइन्द्राराज सिंह [और] चन्द्रकिरण अंग्नीहोत्री |
||
| 246 |
_aAaj ki kavita ka aniket kavi / _bby Indraraj Singh [aur] Chandra Kiran Agnihotri |
||
| 260 |
_aनयी दिल्ली _bतक्षशिला प्रकाशन _c2002 |
||
| 270 |
_a23/4761, अंसारी रोड, दरिया गंज _bनयी दिल्ली _e110002 |
||
| 300 |
_ax, 176पृ. _c21सेमी (सजिल्द) |
||
| 650 |
_aहिन्दी साहित्य _948154 |
||
| 650 |
_aहिन्दी कविताएं _948155 |
||
| 650 |
_aHindi literature _948156 |
||
| 650 |
_aHindi poems _948157 |
||
| 700 |
_aअंग्नीहोत्री, चन्द्रकिरण _948152 |
||
| 942 |
_2ddc _cHN _h821.08 _mइन्द्ररा |
||
| 999 |
_c112552 _d112552 |
||